000
00261nam a2200097Ia 4500
001
710329
005
20250826162746.0
008
250824s9999 xx 000 0 und d
245
0
_a
KORKULU VE TEHLİKELİ SERÜVEN
_c
ERDAL ÇAKICIOĞLU
260
_b
AKVARYUM YAYINLARI
999
_c
710329
_d
710329